=LDR 00000nam 2200000 4500 =001 INLIS000000000013601 =005 20130612104953 =008 ***********************************Ind** =035 ##$$0010-061300000013601 =041 ##$$a Ind =082 ##$$a 641.052 =090 ##$$a 6a641.052, Men m =245 ##$$a Menu spesial aneka masakan khas daerah =260 ##$$a ladang pustaka 2 inti media $b Jakarta =300 ##$$a 132 hlm, Ilus, 15 cm =650 ##$$a Masakan - Aneka ragam =850 ##$$a NBPNMAT